| 000 | 01046nam a22003257a 4500 | ||
|---|---|---|---|
| 003 | CHAP | ||
| 005 | 20220329140640.0 | ||
| 008 | 971013s1968 r 00010 d | ||
| 010 | _a55343 | ||
| 011 | _a56315 | ||
| 035 | _a60468 | ||
| 040 | _cCHAP | ||
| 082 |
_a946.01 _bS3 |
||
| 100 | 0 | 0 |
_aSavory, H. N. _9102794 |
| 245 |
_aSpain and Portugal _b: the prehistoty of the Iberian peninsula |
||
| 260 |
_aLondon : _bThames and Hudson, _c1968 |
||
| 300 |
_a324 p. _b: ilus. ; láms. |
||
| 490 |
_aAncient peoples and places _v; 61 |
||
| 590 |
_aBATCH-UPD _b10 _c20130110 _lUCH01 _h0013 |
||
| 590 |
_aBATCH-UPD _b10 _c20130110 _lUCH01 _h0521 |
||
| 590 |
_aBATCH-UPD _b10 _c20130410 _lUCH01 _h0200 |
||
| 590 |
_aBATCH-UPD _b10 _c20130914 _lUCH01 _h0325 |
||
| 590 |
_aCONVERSION _b10 _c20130109 _lUCH01 _h1330 |
||
| 650 | 1 | 4 |
_aEspaña _xHistoria. _937699 |
| 650 | 1 | 4 |
_aPortugal _xHistoria. _991022 |
| 830 | 0 |
_aAncient peoples and places _v; 61 _95527 |
|
| 901 | _aBK | ||
| 942 | _cLIBRO | ||
| 949 |
_a946.01 S3 _bBC _cBPA _d-130330 _eBPA _h15596 _i60468 _si _t142.00 |
||
| 999 |
_c55343 _d55343 |
||